FC Barcelone - Choix Multiples - Statistiques

Statistiques générales
  • Ce quiz a été pris 63 fois
  • Le résultat moyen est 10 sur 15
Statistiques - réponses
Question Réponse % Correct
Comment se nomme le stade ? Camp Nou
98%
Qui est à la fois le joueur le plus capé et le meilleur buteur du club ? Lionel Messi
98%
Contre qui se joue le célèbre "clasico" ? Real Madrid
98%
Quel joueur à gagné le Ballon d'Or puis et devenu entraîneur du club ? Johan Cruyff
96%
Quelle est sa devise ? més que un club
95%
Quel joueur a remporté le Ballon d'Or 2005 ? Ronaldinho
93%
Comment se nomme l'équipementier principal du club ? Nike
89%
En quelle année le club a-t-il été fondé ? 1899
75%
Quelles sont les principales couleurs du club ? Bleu et Grenat
70%
En quelle année ont-ils réussis à gagner la Supercoupe d'Espagne, la Coupe d'Espagne ainsi que la Liga pour la première fois ? 2009
61%
Que c'est-il passé d'historique en 2021 ? Le FC Barcelone est devenu le première club à obtenir une LDC avec les deux sections
58%
Quel joueur à couté 148 Millions d'euros, ce qui en fait le recrutement le plus cher de l'histoire du club ? Ousmane Dembelé
26%
Quel écusson à été l'emblème seulement 1 saison ?
23%
Quel ancien joueur est considéré comme le père du stade ? László Kubala
21%
En quelle année la section féminine a-t-elle officiellement été créée ? 2001
7%
Aucun quiz correspondant
Distribution des résultats
% des personnes avec chaque résultat
Percentile par nombre de réponses
Votre historique - résultats
Vous n’avez pas pris ce quiz